000 00382nam a2200157Ia 4500
008 231217s9999 xx 000 0 und d
041 _aEnglish
082 _a001.6424WIN MEH
100 _aMehta, Subhash
245 0 _aWindows 3.1 and Dos 5: Quick reference guide
250 _a1st ed.
260 _c1993
_bGalgotia
300 _axxx+514
650 _aWindows
942 _cAA
999 _c163861
_d163861